| 000 | 00473nam a2200169Ia 4500 | ||
|---|---|---|---|
| 005 | 20250508165609.0 | ||
| 008 | 008 250505s9999 xx 000 0 eng d | ||
| 037 | _aPeriodicals | ||
| 040 |
_aFEDL _beng _cFEDL |
||
| 041 |
_aeng _2eng |
||
| 084 |
_a005.13, TUR _qFEDL |
||
| 245 | 0 | _aTurbo Basic Owner's Handbook | |
| 260 |
_aScotts Valley, USA _bBorland international Inc. _c1987 |
||
| 300 | _a466 | ||
| 942 |
_cCR _h005.13, TUR |
||
| 999 |
_c1396099 _d1396099 |
||